Unslicing the Pie: AI Innovation and the Labor Share in European Regions

Skúmanie toho, ako vývoj umelej inteligencie (AI) ovplyvňuje rozdelenie príjmu medzi kapitál a prácu a ako to naopak zhoršuje geografickú nerovnosť príjmov. Na preskúmanie tohto problému najprv zostavíme teoretický rámec a potom analyzujeme údaje z európskych regiónov z roku 2000.

Guardado en:
Detalles Bibliográficos
Autor principal: Prettner, Klaus, 1982-
Otros Autores: Minniti, Antonio, Venturini, Francesco
Formato: Capítulo de libro
Lenguaje:inglés
Materias:
Etiquetas: Agregar Etiqueta
Sin Etiquetas, Sea el primero en etiquetar este registro!

MARC

LEADER 00000naa a2200000 4500
001 0304952
005 20241126151459.6
041 0 |a eng 
044 |a SK 
245 1 0 |a Unslicing the Pie: AI Innovation and the Labor Share in European Regions  |c Klaus Prettner 
520 |a Skúmanie toho, ako vývoj umelej inteligencie (AI) ovplyvňuje rozdelenie príjmu medzi kapitál a prácu a ako to naopak zhoršuje geografickú nerovnosť príjmov. Na preskúmanie tohto problému najprv zostavíme teoretický rámec a potom analyzujeme údaje z európskych regiónov z roku 2000. 
610 2 0 |a inteligencia umelá 
610 2 0 |a regióny 
610 2 0 |a patenty 
610 2 0 |a nerovnosť príjmová 
100 1 |a Prettner, Klaus, 1982- 
700 1 |a Minniti, Antonio 
700 1 |a Venturini, Francesco